| 000 | 00690nam a2200241 i 4500 | ||
|---|---|---|---|
| 001 | 9024 | ||
| 003 | ES-MaACL | ||
| 005 | 20230906145603.0 | ||
| 007 | t| | ||
| 008 | 930201s1989 sp ||||1| spa d | ||
| 020 | _a84-86152-58-5 | ||
| 080 | _a615.1 | ||
| 100 | 1 |
_aVelasco Martín, A. _9113763 |
|
| 245 | 1 | 0 |
_aFarmacología / _cautores, A. Velasco Martín, J. Vicente Beneit Montesinos. |
| 260 |
_aMadrid : _bLuzán 5, _cD.L. 1989. |
||
| 300 |
_a2 v. : _bil. ; _c24 cm. |
||
| 490 | 1 | _aPregrado | |
| 650 | 0 | 4 |
_aFarmacología. _912725 |
| 700 | 1 |
_aBeneit Montesinos, J. Vicente. _927520 |
|
| 830 | 0 |
_aPregrado _9178352 |
|
| 852 |
_aES-MaACL _jL-16476-7 _bR.121075 |
||
| 999 |
_c9024 _d9024 |
||